ბათუმის შოთა რუსთაველის სახელმწიფო უნივერსიტეტის ბიბლიოთეკა

საქართველო გზად : სტალინიზმის ჩრდილები / (ბიბ.ჩანაწერი № 55758)

000 -ლიდერი
ფიქსირებული სიგრძის საკონტროლო ველი 01636nam a2200277Ia 4500
001 - საკონტროლო ნომერი
საკონტროლო ველი 22855
003 - საკონტროლო ნომრის იდენტიფიკატორი
საკონტროლო ველი GE_BSU
005 - ბოლო ოპერაციის თარიღი და დრო
საკონტროლო ველი 20191001171836.0
008 - ფიქსირებული სიგრძის მონაცემთა ელემენტები - ზოგადი ინფორმაცია
ფიქსირებული სიგრძის საკონტროლო ველი 181216s2018||||ge |||||||||||||| ||geo||
020 ## - წიგნის საერთაშორისო სტანდარტული ნომერი
International Standard Book Number 9789941441776
040 ## - კატალოგიზაციის წყარო
Transcribing agency GE_BSU
041 ## - ენის კოდი
Language code of text/sound track or separate title geo
080 ## - უნივერსალური ათობითი კლასიფიკაციის ინდექსი
Universal Decimal Classification number 94(479.22)+323.15(479.22) ს-32
245 ## - ცნობა სათაურის შესახებ
Title საქართველო გზად : სტალინიზმის ჩრდილები /
Statement of responsibility, etc შემდგ : მარკ იუნგე, ბერნდ ბონვეჩი ; დანიელ მ. იულერი ; თარგმ : .რუსულიდან.
264 ## - წარმოების, გამოცემის, დისტრიბუციის და სხვა ცნობები
გამოცემის, წარმოების, დისტრიბუციის... ადგილი თბილისი :
გამოცემის, წარმოების, დისტრიბუციის... სახელწოდება კლიო,
გამოცემის, წარმოების, დისტრიბუციის... თარიღი 2018.
300 ## - ფიზიკური აღწერა
Extent 514 გვ .:
Dimensions 23 სმ.
504 ## - BIBLIOGRAPHY, ETC. NOTE
Bibliography, etc ბიბლიოგრ. ტექსტის შენიშვნებში
546 ## - LANGUAGE NOTE
Language note თარგმანი რუსულიდან - Грузия в пути : тени сталинизма.
653 ## - INDEX TERM--UNCONTROLLED
Uncontrolled term ისტორია
653 ## - INDEX TERM--UNCONTROLLED
Uncontrolled term საქართველო გზად : სტალინიზმის ჩრდილები
653 ## - INDEX TERM--UNCONTROLLED
Uncontrolled term საქართველოს ისტორია. ეთნიკური უმცირესობები საქართველოში. რეპრესიები სსრ კავშირში.
700 ## - ADDED ENTRY--PERSONAL NAME
Personal name იუნგე ,მარკ
Relator term შემდგენლი
9 (RLIN) 4430
700 ## - ADDED ENTRY--PERSONAL NAME
Personal name ბონვეჩი , ბერნდ
Relator term შემდგენლი
9 (RLIN) 4431
700 ## - ADDED ENTRY--PERSONAL NAME
Personal name იულერი , დანიელ მ
Relator term შემდგენლი
9 (RLIN) 4432
942 ## - ADDED ENTRY ELEMENTS (KOHA)
Koha item type წიგნი
Source of classification or shelving scheme
ეგზემპლარები
ჩამოწერის სტატუსი დაკარგული ეგზემპლარის სტატუსი კლასიფიკაციის წყარო ან თაროზე გაწყობის სქემა დაზიანების სტატუსი არ გაიცემა მუდმივი მდებარეობა (დაცვის ადგილი) ამჟამინდელი ადგილსამყოფელი თაროზე განთავსების ადგილი შეძენის თარიღი ღირებულება, შესყიდვის ნორმალური ფასი სრული შენახვის შიფრი შტრიხკოდი ბოლო ოპერაციის თარიღი ეგზემპლარის მიმდევრობითი ნომერი (კეტერი?) ფასის ძალაში შესვლის თარიღი ეგზემპლარის სახეობა საჯარო შენიშვნა
          ბათუმის შოთა რუსთაველის სახელმწიფო უნივერსიტეტის მთავარი ბიბლიოთეკა ბათუმის შოთა რუსთაველის სახელმწიფო უნივერსიტეტის მთავარი ბიბლიოთეკა წიგნსაცავი 2018-12-17 10.00 94(479.22)+323.15(479.22) ს-32 58336 2018-12-17 58336 2018-12-17 წიგნი 10.00
          ბათუმის შოთა რუსთაველის სახელმწიფო უნივერსიტეტის მთავარი ბიბლიოთეკა ბათუმის შოთა რუსთაველის სახელმწიფო უნივერსიტეტის მთავარი ბიბლიოთეკა წიგნსაცავი 2018-12-17 10.00 94(479.22)+323.15(479.22) ს-32 58337 2018-12-17 58337 2018-12-17 წიგნი 10.00
          ბათუმის შოთა რუსთაველის სახელმწიფო უნივერსიტეტის მთავარი ბიბლიოთეკა ბათუმის შოთა რუსთაველის სახელმწიფო უნივერსიტეტის მთავარი ბიბლიოთეკა წიგნსაცავი 2018-12-17 10.00 94(479.22)+323.15(479.22) ს-32 58338 2018-12-17 58338 2018-12-17 წიგნი 10.00
          ბათუმის შოთა რუსთაველის სახელმწიფო უნივერსიტეტის მთავარი ბიბლიოთეკა ბათუმის შოთა რუსთაველის სახელმწიფო უნივერსიტეტის მთავარი ბიბლიოთეკა წიგნსაცავი 2018-12-17 10.00 94(479.22)+323.15(479.22) ს-32 58339 2018-12-17 58339 2018-12-17 წიგნი 10.00
          ბათუმის შოთა რუსთაველის სახელმწიფო უნივერსიტეტის მთავარი ბიბლიოთეკა ბათუმის შოთა რუსთაველის სახელმწიფო უნივერსიტეტის მთავარი ბიბლიოთეკა წიგნსაცავი 2018-12-17 10.00 94(479.22)+323.15(479.22) ს-32 58340 2018-12-17 58340 2018-12-17 წიგნი 10.00
          ბათუმის შოთა რუსთაველის სახელმწიფო უნივერსიტეტის მთავარი ბიბლიოთეკა ბათუმის შოთა რუსთაველის სახელმწიფო უნივერსიტეტის მთავარი ბიბლიოთეკა წიგნსაცავი 2019-10-01 10.00 94(479.22)+323.15(479.22) ს-32 60087 2019-10-01 60087 2019-10-01 წიგნი 10.00
          ბათუმის შოთა რუსთაველის სახელმწიფო უნივერსიტეტის მთავარი ბიბლიოთეკა ბათუმის შოთა რუსთაველის სახელმწიფო უნივერსიტეტის მთავარი ბიბლიოთეკა წიგნსაცავი 2019-10-01 3.00 94(479.22)+323.15(479.22) ს-32 28101 2019-10-01 28101 2019-10-01 წიგნი 3.00
          ბათუმის შოთა რუსთაველის სახელმწიფო უნივერსიტეტის მთავარი ბიბლიოთეკა ბათუმის შოთა რუსთაველის სახელმწიფო უნივერსიტეტის მთავარი ბიბლიოთეკა წიგნსაცავი 2019-10-01 3.00 94(479.22)+323.15(479.22) ს-32 28100 2019-10-01 28100 2019-10-01 წიგნი 3.00